000 01365nas a22001697a 4500
007 ta
008 240208e20233011xxk|||||o|||| 00| 0 eng d
041 _aeng
245 _aNewham v Chaplair: the lessons to be learned
260 _bLocal Government lawyer,
_c30 November 2023
520 _aArchie Maddan explains what was involved in the first successful prosecution of a tower block owner for failure to remove flammable cladding. Newham v Chaplair was a prosecution under s30 of the Housing Act 2004 for failure to comply with an Improvement Notice. Specifically Chaplair, which was the freeholder of the block of flats, failed to remove dangerous cladding by the deadline specified in the Improvement Notice. he trial was entirely concerned with whether the circumstances of the failure to carry out the works amounted to a reasonable excuse. The judge, Deputy Chief Magistrate Ikram, found that they did not. Sentencing took place on 31 October, and Chaplair were ordered to pay a fine of £30,000 for the failure to remove the cladding as well as a substantial contribution to Newham’s costs.
650 _aCLADDING
650 _aFIRE SAFETY
650 _aHOUSING ACT 2004
651 _aUnited Kingdom
856 _uhttps://www.localgovernmentlawyer.co.uk/housing-law/315-housing-features/55788-newham-v-chaplair-the-lessons-to-be-learned
_zAvailable online
999 _c121796
_d121796